[Event "Nordkalotten Rapid Gr-2"]
[Site "Gilleleje"]
[Date "2022.11.06"]
[Round "4"]
[White "Koch, Soren Andreas"]
[Black "Fischer, Bent Bolvinkel"]
[Result "1-0"]
[WhiteElo "2173"]
[BlackElo "1898"]
[PlyCount "94"]
[EventDate "2022.11.06"]
[EventType "tourn (rapid)"]
[EventRounds "7"]
[EventCountry "DEN"]
[SourceTitle "EXT 2024"]
[Source "ChessBase"]
[SourceDate "2023.10.10"]
[SourceVersion "1"]
[SourceVersionDate "2023.10.10"]
[SourceQuality "1"]

1. d4 d5 2. Nf3 Nf6 3. c4 e6 4. Nc3 Bb4 5. Bg5 0-0 6. e3 h6 7. Bxf6 Qxf6 8. Qb3 Nc6 9. Rc1 dxc4 10. Bxc4 b6 11. 0-0 Bb7 12. d5 Ne5 13. Nxe5 Qxe5 14. Qxb4 exd5 15. Be2 c5 16. Qg4 d4 17. Nd1 Rad8 18. Qg3 Qe7 19. Bf3 Ba6 20. exd4 Bxf1 21. Kxf1 cxd4 22. Be2 Rfe8 23. Qd3 Rd6 24. b3 Re6 25. Rc2 Qf6 26. g3 a5 27. Kg2 Re4 28. Bf3 Re1 29. Rc4 Rd8 30. Nb2 Re7 31. Rc6 Re6 32. Rxe6 Qxe6 33. Qd2 Qf6 34. Nd3 g5 35. Qe2 Kf8 36. Qe4 Re8 37. Qd5 Rd8 38. Qb7 Rd6 39. a3 Kg7 40. b4 axb4 41. axb4 Re6 42. Be4 Re7 43. Qd5 Re8 44. f4 Rc8 45. fxg5 hxg5 46. Qf5 Rc2+ 47. Nf2 Qe7 1-0

[Event "Nordkalotten Rapid Gr-2"]
[Site "Gilleleje"]
[Date "2022.11.06"]
[Round "1"]
[White "Koch, Soren Andreas"]
[Black "Nielsen, Kai Gylling"]
[Result "1-0"]
[WhiteElo "2173"]
[BlackElo "1759"]
[PlyCount "79"]
[EventDate "2022.11.06"]
[EventType "tourn (rapid)"]
[EventRounds "7"]
[EventCountry "DEN"]
[SourceTitle "EXT 2024"]
[Source "ChessBase"]
[SourceDate "2023.10.10"]
[SourceVersion "1"]
[SourceVersionDate "2023.10.10"]
[SourceQuality "1"]

1. d4 Nf6 2. Nf3 d5 3. c4 c6 4. Nc3 g6 5. Bg5 Bg7 6. e3 0-0 7. Rc1 Nbd7 8. Qb3 e6 9. Bd3 Qb6 10. Qa3 Re8 11. 0-0 e5 12. Na4 Qc7 13. dxe5 Nxe5 14. Nxe5 Qxe5 15. Bf4 Qe6 16. Rfd1 b6 17. cxd5 Nxd5 18. Bc4 Bb7 19. Nc3 Bxc3 20. Rxc3 Qe4 21. Bd3 Qe7 22. Bd6 Qf6 23. Rc2 Red8 24. Bg3 c5 25. Rcd2 Nb4 26. Bf1 Rxd2 27. Rxd2 a5 28. Qb3 Rd8 29. Rxd8+ Qxd8 30. a3 Nc6 31. h3 h6 32. Bc4 Qe7 33. Qxb6 Nd8 34. Qxg6+ Kf8 35. Qxh6+ Kg8 36. Bd6 Qe4 37. Qg5+ Kh7 38. Be5 Qg6 39. Bd3 Ne6 40. Qh4+ 1-0

[Event "Nordkalotten Rapid Gr-2"]
[Site "Gilleleje"]
[Date "2022.11.06"]
[Round "3"]
[White "Skovgaard, Ib"]
[Black "Koch, Soren Andreas"]
[Result "0-1"]
[WhiteElo "1802"]
[BlackElo "2173"]
[PlyCount "26"]
[EventDate "2022.11.06"]
[EventType "tourn (rapid)"]
[EventRounds "7"]
[EventCountry "DEN"]
[SourceTitle "EXT 2024"]
[Source "ChessBase"]
[SourceDate "2023.10.10"]
[SourceVersion "1"]
[SourceVersionDate "2023.10.10"]
[SourceQuality "1"]

1. e4 c6 2. d4 d5 3. Nc3 dxe4 4. Nxe4 Nf6 5. Ng5 Bf5 6. Bd3 e6 7. N1f3 h6 8. Bxf5 Qa5+ 9. Bd2 Qxf5 10. Nxf7 Kxf7 11. Ne5+ Kg8 12. g4 Qe4+ 13. Be3 Qxh1+ 0-1

[Event "DEN-chT 1011 49th"]
[Site "Denmark"]
[Date "2011.03.13"]
[Round "9.8"]
[White "Koch, Soren Andreas"]
[Black "Rathlev, Jakob"]
[Result "0-1"]
[WhiteElo "2178"]
[BlackElo "2258"]
[PlyCount "156"]
[EventDate "2010.11.06"]
[EventType "team-tourn"]
[EventRounds "9"]
[EventCountry "DEN"]
[SourceTitle "EXT 2012"]
[Source "ChessBase"]
[SourceDate "2011.11.24"]
[SourceVersion "1"]
[SourceVersionDate "2011.11.24"]
[SourceQuality "1"]
[WhiteTeam "Nordkalotten"]
[BlackTeam "Jetsmark"]
[WhiteTeamCountry "DEN"]
[BlackTeamCountry "DEN"]

1. d4 e6 2. Nf3 f5 3. g3 Nf6 4. Bg2 d5 5. 0-0 Bd6 6. b3 Qe7 7. Bb2 0-0 8. c4 c6 9. Qc1 b5 10. Ba3 b4 11. Bb2 Bb7 12. a3 Na6 13. c5 Bc7 14. Qe1 bxa3 15. Nxa3 Nb8 16. b4 Ba6 17. Ne5 Bxe5 18. dxe5 Ng4 19. h3 Nh6 20. f4 Bb5 21. Bd4 Qb7 22. Qd2 Na6 23. Rfb1 Nc7 24. Kf2 Kh8 25. Bf3 Ng8 26. Be3 Ne7 27. Nc2 Qc8 28. Nd4 Bc4 29. Ra5 Nb5 30. Rba1 Nxd4 31. Bxd4 Qb7 32. e3 Rfb8 33. Bc3 Qc7 34. h4 Qb7 35. h5 Bb5 36. Rg1 Ng8 37. g4 Nh6 38. Raa1 Qe7 39. g5 Ng8 40. Qd4 Rd8 41. Bd1 Qb7 42. Bc2 Ne7 43. Rh1 Ba6 44. Ra5 Bb5 45. Bb3 Rd7 46. Kf3 Rdd8 47. Rh2 Rd7 48. Ra1 Rdd8 49. Be1 Rd7 50. Bh4 Bc4 51. Bxc4 dxc4 52. Qxc4 Nd5 53. Be1 Nc7 54. Rha2 a6 55. Ra3 Rd5 56. Bc3 h6 57. g6 Kg8 58. R3a2 Qc8 59. Be1 Qd8 60. Rxa6 Nxa6 61. Rxa6 Qc8 62. Rxa8 Qxa8 63. Bc3 Qa4 64. Bd4 Kf8 65. Ke2 Ke7 66. Kd2 Rd7 67. Kc3 Rb7 68. Qb3 Qa1+ 69. Kd3 Qf1+ 70. Kc3 Ra7 71. b5 Qa1+ 72. Kb4 Qa5+ 73. Kc4 cxb5+ 74. Qxb5 Qa2+ 75. Kd3 Ra3+ 76. Bc3 Qd5+ 77. Kc2 Qg2+ 78. Kd1 Rxc3 0-1

[Event "DEN-chT 0910 48th"]
[Site "Denmark"]
[Date "2010.01.31"]
[Round "6.8"]
[White "Naes, Flovin Tor"]
[Black "Koch, Soren Andreas"]
[Result "1-0"]
[WhiteElo "2262"]
[BlackElo "2189"]
[PlyCount "93"]
[EventDate "2009.11.07"]
[EventType "team-tourn"]
[EventRounds "9"]
[EventCountry "DEN"]
[SourceTitle "EXT 2023"]
[Source "ChessBase"]
[SourceDate "2022.10.05"]
[SourceVersion "1"]
[SourceVersionDate "2022.10.05"]
[SourceQuality "1"]
[WhiteTeam "Copenhagen K41"]
[BlackTeam "Nordkalotten"]
[WhiteTeamCountry "DEN"]
[BlackTeamCountry "DEN"]

1. e4 e5 2. Nf3 Nc6 3. Bb5 Nge7 4. c3 g6 5. 0-0 Bg7 6. d4 exd4 7. cxd4 d5 8. exd5 Nxd5 9. Re1+ Be6 10. Bxc6+ bxc6 11. Bg5 Qd6 12. Nbd2 0-0 13. Rc1 Rfe8 14. b3 Bf5 15. Nc4 Qf8 16. Na5 h6 17. Bh4 Rxe1+ 18. Qxe1 Re8 19. Qd2 Be4 20. Nxc6 f5 21. Nfe5 g5 22. Bg3 f4 23. f3 Bf5 24. Bf2 Qd6 25. h3 a6 26. Qa5 Bc8 27. Qc5 Bb7 28. Na5 Ba8 29. Qxd6 cxd6 30. Nec4 Bf8 31. Re1 Kf7 32. Kf1 Rb8 33. a3 Nc7 34. Ke2 Bd5 35. Kd3 Rb5 36. b4 Rb8 37. Rc1 Ne6 38. Nd2 Kf6 39. Ne4+ Kf5 40. Nc3 Ba8 41. d5 Nd8 42. Re1 Nf7 43. Bd4 Rc8 44. Re6 Ne5+ 45. Bxe5 dxe5 46. Ne4 Bxd5 47. Rf6# 1-0

[Event "DEN-chT 0910 48th"]
[Site "Denmark"]
[Date "2009.12.06"]
[Round "3.7"]
[White "Kryger, Oksana"]
[Black "Koch, Soren Andreas"]
[Result "0-1"]
[WhiteElo "2145"]
[BlackElo "2189"]
[PlyCount "86"]
[EventDate "2009.11.07"]
[EventType "team-tourn"]
[EventRounds "9"]
[EventCountry "DEN"]
[SourceTitle "EXT 2023"]
[Source "ChessBase"]
[SourceDate "2022.10.05"]
[SourceVersion "1"]
[SourceVersionDate "2022.10.05"]
[SourceQuality "1"]
[WhiteTeam "Bronshoj"]
[BlackTeam "Nordkalotten"]
[WhiteTeamCountry "DEN"]
[BlackTeamCountry "DEN"]

1. d4 Nf6 2. c4 d6 3. Nc3 e5 4. dxe5 dxe5 5. Qxd8+ Kxd8 6. Nf3 Nbd7 7. Bg5 c6 8. 0-0-0 Kc7 9. Bxf6 gxf6 10. e3 Rg8 11. Ne4 Be7 12. Ng3 Nc5 13. Be2 a5 14. Nh4 Be6 15. Nhf5 Bf8 16. Rhg1 Rg5 17. Nh4 Bg4 18. f3 Be6 19. f4 Rg8 20. Nhf5 a4 21. a3 Ra5 22. fxe5 fxe5 23. Kc2 Rg5 24. Rgf1 Ne4 25. Bd3 Nf6 26. Rde1 e4 27. Nxe4 Nxe4 28. Bxe4 Bxf5 29. Bxf5 Raxf5 30. g3 Kd6 31. e4 Rxf1 32. Rxf1 Ke6 33. Rf3 Bd6 34. b4 Rh5 35. Rf2 Rh6 36. c5 Be5 37. Rd2 Ke7 38. Kd3 Rh3 39. Rg2 h5 40. Ke3 h4 41. Kf3 hxg3 42. hxg3 Rh1 43. g4 Rh3+ 0-1

[Event "DEN-chT 0910 48th"]
[Site "Denmark"]
[Date "2009.11.08"]
[Round "2.7"]
[White "Koch, Soren Andreas"]
[Black "Nielsen, Niels Peter"]
[Result "0-1"]
[WhiteElo "2189"]
[BlackElo "2184"]
[PlyCount "47"]
[EventDate "2009.11.07"]
[EventType "team-tourn"]
[EventRounds "9"]
[EventCountry "DEN"]
[SourceTitle "EXT 2023"]
[Source "ChessBase"]
[SourceDate "2022.10.05"]
[SourceVersion "1"]
[SourceVersionDate "2022.10.05"]
[SourceQuality "1"]
[WhiteTeam "Nordkalotten"]
[BlackTeam "Sydostfyn"]
[WhiteTeamCountry "DEN"]
[BlackTeamCountry "DEN"]

1. d4 d5 2. Nf3 Nf6 3. c4 c6 4. Nc3 e6 5. e3 Nbd7 6. Qc2 Be7 7. g4 Nf8 8. g5 N6d7 9. Rg1 a6 10. Bd2 b5 11. cxd5 cxd5 12. 0-0-0 Bb7 13. Kb1 Rc8 14. Qb3 Qc7 15. Rc1 Qd6 16. Bd3 Nb6 17. a4 b4 18. Na2 a5 19. Ne5 Nfd7 20. Rxc8+ Bxc8 21. f4 Nxe5 22. fxe5 Qd8 23. Qd1 Bxg5 24. Qh5 0-1

[Event "DEN-chT 0910 48th"]
[Site "Denmark"]
[Date "2009.11.07"]
[Round "1.7"]
[White "Nielsen, Tommy"]
[Black "Koch, Soren Andreas"]
[Result "1-0"]
[WhiteElo "2168"]
[BlackElo "2189"]
[PlyCount "125"]
[EventDate "2009.11.07"]
[EventType "team-tourn"]
[EventRounds "9"]
[EventCountry "DEN"]
[SourceTitle "EXT 2023"]
[Source "ChessBase"]
[SourceDate "2022.10.05"]
[SourceVersion "1"]
[SourceVersionDate "2022.10.05"]
[SourceQuality "1"]
[WhiteTeam "Norresundby"]
[BlackTeam "Nordkalotten"]
[WhiteTeamCountry "DEN"]
[BlackTeamCountry "DEN"]

1. e4 e5 2. Bc4 Nf6 3. d3 Nc6 4. Nf3 Bc5 5. Nc3 h6 6. Be3 Bxe3 7. fxe3 d6 8. 0-0 0-0 9. Qe1 Be6 10. Nd5 Bxd5 11. Bxd5 Nxd5 12. exd5 Ne7 13. c4 c6 14. dxc6 bxc6 15. Qc3 Rb8 16. Rf2 Qb6 17. c5 Qxc5 18. Qxc5 dxc5 19. Nxe5 Rbd8 20. Rd1 Rd5 21. Nc4 Rfd8 22. Rfd2 Rh5 23. e4 Ng6 24. b3 Ne5 25. h3 Ng6 26. Rf1 Ne5 27. Nxe5 Rxe5 28. Rff2 f6 29. Kf1 Kf7 30. Ke2 Ke6 31. Rc2 Rd4 32. Rf1 Rg5 33. g4 Re5 34. Rf5 Kd6 35. Rxe5 fxe5 36. Ke3 a5 37. Rf2 a4 38. Kd2 axb3 39. axb3 Rb4 40. Kc3 Rb7 41. Rf8 Ra7 42. Rd8+ Ke7 43. Rc8 Kd6 44. Rf8 Ke7 45. Rf5 Kd6 46. g5 hxg5 47. Rxg5 Rf7 48. h4 Rf1 49. Rxg7 Rh1 50. Rh7 Rh2 51. h5 Rh1 52. h6 Rh2 53. Rh8 Kc7 54. h7 Kb7 55. b4 cxb4+ 56. Kxb4 Rh6 57. Kc5 Ka7 58. d4 exd4 59. Kxd4 Rh5 60. e5 Kb7 61. e6 Rh1 62. e7 Rd1+ 63. Kc3 1-0

[Event "DEN-chT 0809"]
[Site "Denmark"]
[Date "2009.02.22"]
[Round "7.8"]
[White "Christensen, Henrik"]
[Black "Koch, Soren Andreas"]
[Result "1-0"]
[WhiteElo "2011"]
[BlackElo "2178"]
[PlyCount "115"]
[EventDate "2008.11.01"]
[EventType "team-tourn"]
[EventRounds "9"]
[EventCountry "DEN"]
[SourceTitle "EXT 2023"]
[Source "ChessBase"]
[SourceDate "2022.10.05"]
[SourceVersion "1"]
[SourceVersionDate "2022.10.05"]
[SourceQuality "1"]
[WhiteTeam "Copenhagen 68"]
[BlackTeam "Nordkalotten"]
[WhiteTeamCountry "DEN"]
[BlackTeamCountry "DEN"]

1. e4 d5 2. exd5 Nf6 3. Nc3 Nxd5 4. d4 g6 5. Bc4 Nxc3 6. Qf3 e6 7. bxc3 Bg7 8. h4 c5 9. Bg5 f6 10. Be3 cxd4 11. cxd4 Qc7 12. Qe2 Nc6 13. Nf3 Na5 14. Bb5+ Bd7 15. Bxd7+ Qxd7 16. 0-0 Rc8 17. Bd2 Nc4 18. Bb4 Kf7 19. Bc5 Qd5 20. Rab1 b6 21. Bb4 Rc6 22. Rb3 Rhc8 23. Rfb1 Na5 24. Bxa5 Qxa5 25. R1b2 a6 26. c4 Rxc4 27. Rxb6 R4c6 28. Rxc6 Rxc6 29. Rb7+ Kg8 30. Qb2 Rc7 31. Rb8+ Kf7 32. Kh2 Bf8 33. g3 Qd5 34. Rxf8+ Kxf8 35. Qb8+ Kg7 36. Qxc7+ Kg8 37. Kg2 Qxa2 38. Qe7 Qd5 39. Qxf6 a5 40. Qe5 Kf7 41. Qxd5 exd5 42. Nd2 Kf6 43. g4 a4 44. Kf1 h5 45. f3 g5 46. hxg5+ Kxg5 47. gxh5 Kxh5 48. Nb1 Kg5 49. Kg2 Kh4 50. Na3 Kg5 51. Kg3 Kf5 52. Nb1 Kg5 53. f4+ Kh5 54. Na3 Kg6 55. Kg4 Kf6 56. f5 Kf7 57. Kf4 Kf6 58. Nb1 1-0

[Event "Pinneberg-ch"]
[Site "Pinneberg"]
[Date "2007.10.11"]
[Round "7"]
[White "Koch, Soren Andreas"]
[Black "Cassens, Erhard Otto"]
[Result "1-0"]
[WhiteElo "2003"]
[BlackElo "1734"]
[PlyCount "75"]
[EventDate "2007.08.30"]
[EventType "swiss"]
[EventRounds "7"]
[EventCountry "GER"]
[SourceTitle "CBM 120 Extra"]
[Source "ChessBase"]
[SourceDate "2007.11.01"]
[SourceVersion "1"]
[SourceVersionDate "2007.11.01"]
[SourceQuality "1"]

1. e4 e6 2. d4 d5 3. e5 c5 4. c3 Nc6 5. Nf3 Qb6 6. a3 cxd4 7. cxd4 Be7 8. b4 f6 9. Bd3 Bd7 10. 0-0 Nd8 11. Nc3 Nf7 12. Re1 f5 13. Qe2 Nd8 14. b5 Qc7 15. Bb2 Rc8 16. Rec1 Qa5 17. Nd2 Nf7 18. Bxf5 Ngh6 19. Bd3 0-0 20. Nb3 Qb6 21. Na4 Qd8 22. Nac5 b6 23. Nxd7 Qxd7 24. Rxc8 Rxc8 25. f4 g6 26. g4 Nd8 27. Nd2 g5 28. Qe3 Nhf7 29. f5 h6 30. Qf3 Nh8 31. Nf1 Bf8 32. Ne3 Qf7 33. Kg2 exf5 34. gxf5 h5 35. Qxd5 Bh6 36. Qxf7+ Nhxf7 37. Nd5 Kf8 38. Rc1 1-0

[Event "Pinneberg-ch"]
[Site "Pinneberg"]
[Date "2007.09.27"]
[Round "5"]
[White "Koch, Soren Andreas"]
[Black "Rakhmanov, Vsevolod"]
[Result "1-0"]
[WhiteElo "2003"]
[BlackElo "1742"]
[PlyCount "105"]
[EventDate "2007.08.30"]
[EventType "swiss"]
[EventRounds "7"]
[EventCountry "GER"]
[SourceTitle "CBM 120 Extra"]
[Source "ChessBase"]
[SourceDate "2007.11.01"]
[SourceVersion "1"]
[SourceVersionDate "2007.11.01"]
[SourceQuality "1"]

1. e4 c5 2. Nf3 Nc6 3. d4 cxd4 4. Nxd4 a6 5. Nc3 Nf6 6. Bg5 e6 7. Nxc6 bxc6 8. e5 Qa5 9. Qe2 Nd5 10. Bd2 Bb4 11. Ne4 Bxd2+ 12. Qxd2 Qxd2+ 13. Kxd2 Ke7 14. c4 Nc7 15. Be2 a5 16. Rac1 Ba6 17. h4 f5 18. Nc5 d6 19. exd6+ Kxd6 20. Nb3 Bc8 21. f4 c5 22. Kc3 Ra7 23. Rcd1+ Ke7 24. Nxc5 Na6 25. Nxa6 Bxa6 26. Bf3 Bb7 27. Bxb7 Rxb7 28. Rhe1 Rhb8 29. Rd2 Rd7 30. Rxd7+ Kxd7 31. Re5 Ra8 32. Rb5 Kc6 33. h5 g6 34. hxg6 hxg6 35. Kd4 Rd8+ 36. Kc3 a4 37. Re5 Kd6 38. b4 g5 39. c5+ Ke7 40. fxg5 Rg8 41. b5 Rxg5 42. b6 Rxg2 43. b7 Rg8 44. Kc4 Rb8 45. c6 Kd6 46. Rc5 Kc7 47. Kb5 f4 48. Rh5 f3 49. Rh7+ Kd6 50. Rf7 e5 51. Rxf3 e4 52. Re3 Ke5 53. Kb6 1-0

[Event "Pinneberg-ch"]
[Site "Pinneberg"]
[Date "2007.08.30"]
[Round "1"]
[White "Koch, Soren Andreas"]
[Black "Retzlaff, Wolfgang"]
[Result "1/2-1/2"]
[WhiteElo "2003"]
[BlackElo "1657"]
[PlyCount "115"]
[EventDate "2007.08.30"]
[EventType "swiss"]
[EventRounds "7"]
[EventCountry "GER"]
[SourceTitle "CBM 120 Extra"]
[Source "ChessBase"]
[SourceDate "2007.11.01"]
[SourceVersion "1"]
[SourceVersionDate "2007.11.01"]
[SourceQuality "1"]

1. e4 c5 2. Nf3 Nc6 3. d4 cxd4 4. Nxd4 e6 5. Nc3 Bb4 6. Ndb5 d5 7. exd5 exd5 8. Qxd5 Qe7+ 9. Be2 Nf6 10. Qd3 0-0 11. Bg5 Rd8 12. Qe3 Be6 13. 0-0 a6 14. Na3 Bc5 15. Qg3 Bd6 16. Qh4 Bf5 17. Rad1 Bxa3 18. bxa3 Qe5 19. Bxf6 gxf6 20. Qg3+ Kf8 21. Bd3 Bxd3 22. Rxd3 Rxd3 23. Qxd3 Rd8 24. Qe3 Qf5 25. Re1 Ne5 26. h3 Kg7 27. Ne4 Kh8 28. Qh6 Rg8 29. Qxf6+ Qxf6 30. Nxf6 Nf3+ 31. Kf1 Nxe1 32. Nxg8 Nxc2 33. Nh6 Kg7 34. Nf5+ Kf6 35. Nd6 b5 36. Ne4+ Kg7 37. Nc5 a5 38. a4 bxa4 39. Nxa4 Kf6 40. Ke2 Ke5 41. Kd2 Nb4 42. Nc3 Kd4 43. h4 h5 44. a3 Nd3 45. Nb5+ Kc4 46. Nd6+ Kd4 47. f3 Ne5 48. Nf5+ Kc4 49. Kc2 Nd3 50. Ne3+ Kd4 51. Kd2 Ne5 52. f4 Nc4+ 53. Nxc4 Kxc4 54. Kc2 f5 55. Kb2 a4 56. Kc2 Kd4 57. Kd2 Kc4 58. Kc2 1/2-1/2

[Event "DEN-chT 0607"]
[Site "Denmark"]
[Date "2007.01.14"]
[Round "5.8"]
[White "Koch, Soren Andreas"]
[Black "Hjorth, Torben"]
[Result "1-0"]
[WhiteElo "2079"]
[BlackElo "2158"]
[PlyCount "81"]
[EventDate "2006.11.04"]
[EventType "team-tourn"]
[EventRounds "9"]
[EventCountry "DEN"]
[SourceTitle "EXT 2023"]
[Source "ChessBase"]
[SourceDate "2022.10.05"]
[SourceVersion "1"]
[SourceVersionDate "2022.10.05"]
[SourceQuality "1"]
[WhiteTeam "Nordkalotten"]
[BlackTeam "Aalborg"]
[WhiteTeamCountry "DEN"]
[BlackTeamCountry "DEN"]

1. d4 Nf6 2. Nf3 g6 3. c4 Bg7 4. Nc3 0-0 5. e4 d6 6. Be2 e5 7. 0-0 Na6 8. Re1 c6 9. Bf1 Qe8 10. Bg5 Bg4 11. Be3 Nh5 12. d5 c5 13. a3 f5 14. h3 Bxf3 15. Qxf3 fxe4 16. Qxe4 Nc7 17. b4 b6 18. bxc5 bxc5 19. Rab1 Rf7 20. Be2 Nf6 21. Qc2 Re7 22. Ne4 Nxe4 23. Qxe4 Qf8 24. Bg4 Ne8 25. Be6+ Kh8 26. Qh4 Bf6 27. Qg4 Ng7 28. Bh6 Qd8 29. Bxg7+ Rxg7 30. Rb3 Rc7 31. g3 Rb8 32. Reb1 Rxb3 33. Rxb3 Re7 34. h4 Rc7 35. Qe4 Qe7 36. Rb8+ Kg7 37. Rg8+ Kh6 38. Qe3+ g5 39. g4 Bg7 40. Bf5 e4 41. hxg5+ 1-0

[Event "DEN-chT 0607"]
[Site "Denmark"]
[Date "2006.11.04"]
[Round "1.8"]
[White "Koch, Soren Andreas"]
[Black "Pape, Rasmus"]
[Result "1/2-1/2"]
[WhiteElo "2079"]
[BlackElo "2004"]
[PlyCount "43"]
[EventDate "2006.11.04"]
[EventType "team-tourn"]
[EventRounds "9"]
[EventCountry "DEN"]
[SourceTitle "EXT 2023"]
[Source "ChessBase"]
[SourceDate "2022.10.05"]
[SourceVersion "1"]
[SourceVersionDate "2022.10.05"]
[SourceQuality "1"]
[WhiteTeam "Nordkalotten"]
[BlackTeam "Helsinge"]
[WhiteTeamCountry "DEN"]
[BlackTeamCountry "DEN"]

1. d4 f5 2. Nf3 g6 3. g3 Nf6 4. Bg2 Bg7 5. 0-0 0-0 6. c4 d6 7. Nc3 Qe8 8. d5 a5 9. Nd4 Na6 10. b3 Nc5 11. Ncb5 Qd8 12. Bb2 Bd7 13. Qc2 Rc8 14. Bc3 b6 15. Rfd1 Qe8 16. e3 g5 17. Na7 Ra8 18. Nac6 Nfe4 19. b4 Nxc3 20. Qxc3 Bxc6 21. dxc6 axb4 22. Qxb4 1/2-1/2

[Event "DEN-chT 0506"]
[Site "Denmark"]
[Date "2006.03.05"]
[Round "7.5"]
[White "Larsen, Ole Bogh"]
[Black "Koch, Soren Andreas"]
[Result "1-0"]
[WhiteElo "2202"]
[BlackElo "2106"]
[PlyCount "93"]
[EventDate "2005.11.05"]
[EventType "team-tourn"]
[EventRounds "9"]
[EventCountry "DEN"]
[SourceTitle "EXT 2023"]
[Source "ChessBase"]
[SourceDate "2022.10.05"]
[SourceVersion "1"]
[SourceVersionDate "2022.10.05"]
[SourceQuality "1"]
[WhiteTeam "Helsingor"]
[BlackTeam "Nordkalotten"]
[WhiteTeamCountry "DEN"]
[BlackTeamCountry "DEN"]

1. d4 Nf6 2. c4 e6 3. Nc3 d5 4. Bg5 Be7 5. e3 h6 6. Bf4 0-0 7. Nf3 b6 8. cxd5 Nxd5 9. Nxd5 exd5 10. Bd3 c5 11. Ne5 cxd4 12. exd4 Bb4+ 13. Kf1 Qf6 14. Bg3 Bf5 15. Bxf5 Qxf5 16. Qb3 Be7 17. Qxd5 Na6 18. Qf3 Qc2 19. Qe2 Qa4 20. b3 Qa3 21. Nc4 Qb4 22. Ne3 Qc3 23. Rd1 Nb4 24. a3 Nc6 25. d5 Na5 26. b4 Nb7 27. d6 Bg5 28. Nd5 Qxa3 29. h4 Rae8 30. Ne7+ Bxe7 31. dxe7 Qxb4 32. exf8R+ Kxf8 33. Qf3 Nc5 34. Bd6+ Kg8 35. Bxc5 Qxc5 36. Rh3 b5 37. Qc3 Qh5 38. Re1 Rb8 39. Qe5 Qxe5 40. Rxe5 f6 41. Re7 a5 42. Ra7 a4 43. h5 Rc8 44. Rg3 Rc1+ 45. Ke2 Rb1 46. Rgxg7+ Kh8 47. Rgb7 1-0

[Event "DEN-chT 0506"]
[Site "Denmark"]
[Date "2005.11.06"]
[Round "2.5"]
[White "Veng, Johny"]
[Black "Koch, Soren Andreas"]
[Result "1/2-1/2"]
[WhiteElo "2185"]
[BlackElo "2106"]
[PlyCount "85"]
[EventDate "2005.11.05"]
[EventType "team-tourn"]
[EventRounds "9"]
[EventCountry "DEN"]
[SourceTitle "EXT 2023"]
[Source "ChessBase"]
[SourceDate "2022.10.05"]
[SourceVersion "1"]
[SourceVersionDate "2022.10.05"]
[SourceQuality "1"]
[WhiteTeam "Nordre"]
[BlackTeam "Nordkalotten"]
[WhiteTeamCountry "DEN"]
[BlackTeamCountry "DEN"]

1. e4 e5 2. Nf3 Nc6 3. d4 exd4 4. Nxd4 Bc5 5. Be3 Qf6 6. Nb5 Bxe3 7. fxe3 Qh4+ 8. g3 Qxe4 9. Nxc7+ Kd8 10. Nxa8 Qxh1 11. Nc3 Nf6 12. Qd6 Qf3 13. Qc7+ Ke7 14. Qf4 Qxf4 15. exf4 d5 16. Nc7 d4 17. N3d5+ Nxd5 18. Nxd5+ Kd6 19. c4 Be6 20. Bg2 Kc5 21. Kd2 Rd8 22. b3 Rd7 23. a3 b5 24. Rc1 bxc4 25. Rxc4+ Kd6 26. Rxc6+ Kxc6 27. Nf6+ Kc5 28. Nxd7+ Bxd7 29. Kd3 Bb5+ 30. Kd2 a5 31. Be4 h6 32. Bd3 Bd7 33. Bc4 f6 34. Bg8 Bf5 35. Bf7 Bb1 36. Kc1 Be4 37. Kd2 Bb1 38. Be6 Be4 39. Bf7 Bb1 40. h4 Be4 41. Be6 Bb1 42. Kc1 Be4 43. Kd2 1/2-1/2